Italy National Team - Age Records - Statistics

General Stats
  • This quiz has been taken 13 times
  • The average score is 5 of 9
Answer Stats
Record Age/Period Date Player % Correct
Oldest captain 41y, 3m, 1d 1983 Dino Zoff
91%
Oldest player 41y, 3m, 1d 1983 Dino Zoff
91%
Longest career as player 20y, 4m, 25d 1997-2018 Gianluigi Buffon
91%
Oldest goalscorer 36y, 2m 2019 Fabio Quagliarella
64%
Longest career as captain 11y, 15d 1966-1977 Giacinto Facchetti
55%
Youngest goalscorer 18y, 7m, 16d 2022 Wilfried Gnonto
36%
Oldest debut 33y, 5m, 7d 2014 Emiliano Moretti
18%
Youngest debut 16y, 3m, 23d 1919 Renzo De Vecchi
18%
Youngest captain 21y, 2m, 1d 1961 Bruno Nicole
9%
No matching quizzes found
Score Distribution
Percent of People with Each Score
Percentile by Number Answered
Your Score History
You have not taken this quiz